000 00605cam a22001811a 4500
082 _a510.246213
_bWAR
_cL-3, P-22.
100 1 _aWarren, A. G.
_939033
245 1 0 _aMathematics applied to electrical engineering /
_cby A. G. Warren ; with a foreword by Alexander Russell.
260 _aLondon :
_bChapman & Hall,
_c1939.
300 _axv, 384 p. :
_bdiagrs. ;
_c23 cm.
500 _a"First published 1939."
526 _a0
_b0
_c0
_d510_246213000000000_WAR
650 0 _aCalculus.
650 0 _aDifferential equations.
_9688
650 0 _aElectrical engineering.
650 0 _aMCE
_9379
942 _2ddc
_cBK
999 _c543611
_d543611